Match That Seventies Song to the Lyrics - Statistics

General Stats
  • This quiz has been taken 338 times
  • The average score is 12 of 25
Answer Stats
Year Hint Artist Answer % Correct
1976 "You can dance. You can jive. Having the time of your life." ABBA Dancing Queen
88%
1977 "On a dark desert highway, cool wind in my hair" The Eagles Hotel California
86%
1973 "There's an old man sitting next to me, making love to his tonic and gin." Billy Joel Piano Man
85%
1977 "Well you can tell by the way I use my walk, I'm a ladies' man, no time to talk." Bee Gees Stayin' Alive
73%
1978 "Once I had a love, and it was a gas. Soon turned out, had a..." Blondie Heart of Glass
70%
1974 "She keeps her Moet et Chandon in a pretty cabinet" Queen Killer Queen
61%
1974 "He'd say, 'I'm gonna be like you, dad, you know I'm gonna be like you.'" Harry Chapin Cat's in the Cradle
57%
1972 "When you believe in things that you don't understand, then you suffer." Stevie Wonder Superstition
56%
1975 "Do a little dance, make a little love..." KC & The Sunshine Band Get Down Tonight
54%
1971 "Brother, brother, brother, there's far too many of you dying" Marvin Gaye What's Going On
54%
1971 "Hey hey, mama, said the way you move, gonna make you sweat, gonna make you groove" Led Zeppelin Black Dog
47%
1975 "So, so you think you can tell, heaven from hell, blue skies from pain" Pink Floyd Wish You Were Here
47%
1977 "Damn your love; damn your lies. And if you don't love me now, you will never love me again." Fleetwood Mac The Chain
46%
1976 "Rubbin' sticks and stones together makes the sparks ignite, and the thought of lovin' you is getting so exciting: Sky rockets in flight" Starland Vocal Band Afternoon Delight
44%
1972 "Wherever he laid his hat was his home, and when he died all he left us was alone." The Temptations Papa Was a Rolling Stone
44%
1978 "As we danced in the night, remember, How the stars stole the night away" Earth Wind & Fire September
43%
1978 "If you really need me, just reach out and touch me, Come on, honey, tell me so" Rod Stewart Do Ya Think I'm Sexy
41%
1972 "Such a feelin's comin' over me, there's a wonder in most every thing I see" The Carpenters Top of the World
34%
1973 "Down around the corner, half a mile from here, you see them long trains running, and you watch them disappear." The Doobie Brothers Long Train Runnin'
29%
1979 "If you like pina coladas, and getting caught in the rain" Rupert Holmes Escape
28%
1975 "But I tell myself that I was doin' alright. There's nothin' left to do at night but go..." Heart Crazy on You
20%
1978 "I got to boogie, on the disco round, oh yea" Alicia Bridges I Love the Nightlife (Disco Round)
18%
1974 "Oh, how I love the rainy days and the happy way I feel inside" Neil Sedaka Laughter in the Rain
17%
1977 "I've seen your picture, your name in lights above it. This is your big debut, it's like a dream come true." Steely Dan Peg
16%
1979 "Groove. Let the madness in the music get you. Life ain't so bad at all." Michael Jackson Off the Wall
12%
No matching quizzes found
Score Distribution
Percent of People with Each Score
Percentile by Number Answered
Your Score History
You have not taken this quiz